|
|
|
|
| LEADER |
00000nab a2200000 a 4500 |
| 001 |
vtls000123617 |
| 003 |
SK-MaSNL |
| 005 |
20260303193507.0 |
| 008 |
111031c1982 xo 0 slo |
| 015 |
|
|
|a SNBRA19rr/mm-uuuuu
|
| 035 |
|
|
|a CL0133722
|
| 040 |
|
|
|a SNKBUCL
|b slo
|c SNKBUCL
|e AACR2
|
| 041 |
0 |
|
|a slo
|
| 044 |
|
|
|a xo
|c SK
|
| 080 |
|
|
|a 631.4
|2 1981
|
| 080 |
|
|
|a 332
|2 1981
|
| 100 |
1 |
|
|a Džatko, Michal,
|d 1931-2016
|4 aut
|9 191244
|
| 245 |
1 |
0 |
|a Interpretácia pôdno-ekologických máp na účely usporiadania pôdneho fondu
|c Michal Džatko
|
| 650 |
0 |
7 |
|a poľnohospodárska pôda
|2 snkbucl
|9 31794
|
| 650 |
0 |
7 |
|a pôdne mapy
|2 SNKPH
|9 98641
|
| 655 |
|
7 |
|a články zo zborníkov
|2 snkbucl
|9 166140
|
| 773 |
0 |
|
|t Ochrana a tvorba poľnohospodárskej krajiny
|d Bratislava : Príroda, 1982
|
| 850 |
|
|
|a Slovenská národná knižnica v Martine
|a MTA001
|
| 852 |
|
|
|a SNK
|b KIS3GCP
|
| 958 |
|
|
|a RK
|
| 992 |
|
|
|a RZB
|
| 999 |
|
|
|c 2152721
|d 2154651
|